| 000 | 00447nam a22001337a 4500 | ||
|---|---|---|---|
| 999 |
_c513457 _d513457 |
||
| 008 | 200221b ||||| |||| 00| 0 eng d | ||
| 100 |
_aPatnaik, Utsa _916340 |
||
| 245 | _aThe revenue impact on the Indian masses of exchange rate changes in the context of the drain of wealth, 1871 to 1901 | ||
| 260 | _bSocial Scientist | ||
| 300 | _a47(11-12), Nov-Dec, 2019: p.3-21. | ||
| 773 | _aSocial Scientist | ||
| 906 | _aExchange rates | ||
| 942 | _cAR | ||